000 00681nam a22002297a 4500
003 UA-OsUOA
001 67539
007 ta
008 20100302b un ||||| |||| 00| 0 ukr d
090 _a340.5
_bП60
942 _cBK
040 _aUA-OsUOA
_bukr
_cUA-OsUOA
_dUA-OsUOA
245 _aПорівняльне правознавство
_cТкаченка В. Д.
300 _a274 с.
955 _a2
041 _aukr
080 _a340.5
020 _a966-7146-92-8
260 _aХарків
_bПраво
_c2003
650 7 _a340 Право в цілому. Пропедевтика. Методи та допоміжні правничі науки
_2UDC
999 _c353456
_d353456